LEADER 01211nam a2200253 i 4500 001 000000175514 003 CaOOAMICUS 005 20250320120413.0 008 081110s1980 gw u000 u ger u 020 $a3-534-03832-0 040 $aSeMil$bita 100 1 $aJacobi, Friedrich Heinrich,$d<1743-1819>.$0(OLS)http://semarc/name/9084 245 10$a4/3: J.G. Hamanns Briefwechsel mit F.H. Jacobi /$cFriedrich Heinrich Jacobi. 260 $aDarmstadt :$bWissenschaftliche Buchgesellschaft,$c1980. 300 $a1 v. (paginazione varia) ;$c20 cm. 500 $aRist. anast. dell'ed. Leipzig, 1819. 700 1 $aHamann, Johann Georg,$d<1730-1788>.$0(OLS)http://semarc/name/3396 773 0 $aJacobi, Friedrich Heinrich <1743-1819>$tWerke.$dDarmstadt : WBG, Wissenschaftliche Buchgesellschaft, 1980.$g4$w()20251 850 $aSeMil 852 $aSeMil$W1$xVenegono$y1$m2P III 381$j126336$B126336$CSeMilBibl$Z2$F137070 $81 996 $6020$a3-534-03832-0$9(OLS)http://semarc/number/87577 996 $6245$a4/3: J.G. Hamanns Briefwechsel mit F.H. Jacobi$9(OLS)http://semarc/title/251751 996 $6260$aDarmstadt :$bWissenschaftliche Buchgesellschaft$9(OLS)http://semarc/publisher/32002 LEADER 01011nam a2200265 i 4500 001 000000088321 003 CaOOAMICUS 005 20180830150031.0 008 180830s1969 xx u000 u und u 013 $a60561 020 $a88-340-0397-7 040 $aSeMil$bita 100 1 $aKrishnamurti, Jiddu,$d<1895-1986>.$0(OLS)http://semarc/name/40150 245 13$aLa prima ed ultima libertą. 260 $aRoma :$bUbaldini,$c1969. 300 $a222 p. 650 4$aFilosofia.$0(OLS)http://semarc/subject/212 650 4$aSpiritualitą.$0(OLS)http://semarc/subject/5428 650 4$aLibertą.$0(OLS)http://semarc/subject/2732 650 4$aPsicologia.$0(OLS)http://semarc/subject/1671 850 $aSeMil 852 $aSeMil$W1$xVenegono$y1$m134 1 2 *$j51630$B51630$CSeMilBibl$Z2$F55920 $81 996 $6020$a88-340-0397-7$9(OLS)http://semarc/number/68248 996 $6245$aLa prima ed ultima libertą$9(OLS)http://semarc/title/134261 996 $6260$aRoma :$bUbaldini$9(OLS)http://semarc/publisher/31419